000 00518pab a2200193 454500
008 180718b2015 xxu||||| |||| 00| 0 eng d
100 _aDillon, Andrew
245 _aAgricultural production, dietary diversity and climate variability
260 _c2015
300 _ap.976-995.
362 _aAug
650 _aHouseholds
650 _aConsumption
650 _aAgricultural production
700 _aOseni, Gbemisola
700 _aMcgee, Kevin
773 _aJournal of Development Studies
909 _a109319
999 _c109314
_d109314